Giáo trình tiếng Việt cho người nước ngoài – tập 3
Đã lưu trong:
| Format: | Bog |
|---|---|
| Udgivet: |
Đại học Quốc gia tp Hồ Chí Minh
2009
|
| Tags: |
Tilføj Tag
Ingen Tags, Vær først til at tagge denne postø!
|
| Thư viện lưu trữ: | Mạng thư viện Đại học Đà Nẵng |
|---|
| LEADER | 00538nam a22001691a 4500 | ||
|---|---|---|---|
| 001 | 000035874 | ||
| 003 | 12166 | ||
| 005 | 20160321110945.0 | ||
| 008 | 160321s2009 000 | ||
| 245 | |a Giáo trình tiếng Việt cho người nước ngoài – tập 3 |c Nguyễn Văn Huệ (Chủ biên), Trần Thị Minh Giới | ||
| 260 | |a Đại học Quốc gia tp Hồ Chí Minh |c 2009 | ||
| OWN | |a LNN | ||
| 999 | |a From the UDN01 | ||
| TYP | |a Monograph | ||
| 980 | |a Mạng thư viện Đại học Đà Nẵng | ||